A t'elle eu des enfants de Zeus ? _ mythologie grecque - Statistiques

Statistiques générales
  • Ce quiz a été pris 659 fois
  • Le résultat moyen est 20 sur 32
Statistiques - réponses
Hint Réponse % Correct
Héra Oui
95%
Europe Oui
86%
Métis Oui
85%
Léto Oui
80%
Athéna Non
79%
Io Oui
78%
Circé Non
77%
Danaé Oui
76%
Léda Oui
72%
Alcmène Oui
71%
Thémis Oui
71%
Hélène Non
70%
Maïa Oui
70%
Artémis Non
67%
Pandore Non
66%
Hermione Non
64%
Sémélé Oui
64%
Andromaque Non
63%
Déméter Oui
63%
Callisto Oui
61%
Mnémosyne Oui
59%
Séléné Oui
59%
Eurydice Non
57%
Aphrodite Non
57%
Calypso Non
55%
Hestia Non
50%
Amphitrite Non
43%
Agavé Non
43%
Amalthée Non
42%
Écho Non
39%
Daphné Non
37%
Perséphone Oui
35%
Aucun quiz correspondant
Distribution des résultats
% des personnes avec chaque résultat
Percentile par nombre de réponses
Votre historique - résultats
Vous n’avez pas pris ce quiz